Universidades privadas: la diversidad de una semejanza aparente

Saved in:
Bibliografiske detaljer
Main Authors: Persico Jiménez, María Cecilia (Author), Persico Jiménez, Pablo (Author)
Format: Bog
Sprog:spansk
Udgivet: Santiago CPU 1996
Fag:
Tags: Tilføj Tag
Ingen Tags, Vær først til at tagge denne postø!

MARC

LEADER 00000nam a2200000 a 4500
001 UCT1262
003 CL-VaPUC
008 960927e19960000CL |||||||||||||||||spa|d
082 0 4 |a 378.04  |b PER  |2 21 
100 0 |a Persico Jiménez, María Cecilia  |e author  |9 370052 
700 0 |a Persico Jiménez, Pablo  |e author  |9 370053 
245 1 0 |a Universidades privadas: la diversidad de una semejanza aparente 
300 |a 181 p 
942 |c BK 
945 |d 19960927 00:00:00  |a nastorga 
260 |a Santiago  |b CPU  |c 1996 
650 0 |a Educación superior   |9 223851 
650 0 |a Aspectos económicos  |9 255165 
650 7 |a EDUCACION PRIVADA  |2 CL-VaPUC  |9 307919 
650 7 |a ESTABLECIMIENTOS DE ENSEÑANZA SUPERIOR  |2 CL-VaPUC  |9 355790 
650 7 |a NIVELES DE ENSEÑANZA  |2 CL-VaPUC  |9 334999 
650 0 |a Estudiantes   |9 257640 
583 |a last modification  |c 20120110 01:00:42  |k Rodrigo Vera 
999 |c 251832  |d 251830 
952 |0 0  |1 0  |4 0  |6 378_040000000000000_PER_1996  |7 0  |8 A  |9 271283  |a BIBEDU  |b BIBEDU  |d 2019-11-19  |i 3233073  |o 378.04 PER 1996  |p 3233073  |r 2019-11-19  |w 2019-11-19  |y BK  |k EDU 
952 |0 0  |1 0  |4 0  |6 378_040000000000000_PER_1996  |7 0  |8 A  |9 271284  |a BIBENE  |b BIBENE  |d 2019-11-19  |i 3233081  |o 378.04 PER 1996  |p 3233081  |r 2025-01-15  |w 2019-11-19  |y BK  |k ICO 
952 |0 0  |1 0  |4 0  |6 378_040000000000000_PER_1996  |7 0  |8 A  |9 271285  |a BIBEDU  |b BIBEDU  |d 2019-11-19  |i 3236536  |o 378.04 PER 1996  |p 3236536  |r 2019-11-19  |w 2019-11-19  |y BK  |k EDU 
952 |0 0  |1 0  |4 0  |6 378_040000000000000_PER_1996  |7 0  |8 A  |9 271286  |a BIBGIM  |b BIBGIM  |d 2019-11-19  |i 3597059  |o 378.04 PER 1996  |p 3597059  |r 2025-01-15  |w 2019-11-19  |y BK  |k GIM